banner koha

Potencial de utilização dos óleos fixos de tucumãs (Registro n. 259415)

MARC details
000 -LÍDER
campo de controle de tamanho fixo 01022nas a2200325 4500
001 - NÚMERO DE CONTROLE
campo de controle BR2022000547
003 - IDENTIFICADOR DO NÚMERO DE CONTROLE
campo de controle BR-BrBNA
005 - DATA E HORÁRIO DA ÚLTIMA TRANSAÇÃO
campo de controle 20231205132254.0
007 - CAMPO FIXO DE DESCRIÇÃO FÍSICA--INFORMAÇÃO GERAL
campo de controle de tamanho fixo ta
008 - CAMPO DE DADOS FIXOS--INFORMAÇÃO GERAL
campo de controle de tamanho fixo 230509b bl.|||p| |||| 00| 00por d
040 ## - FONTE DA CATALOGAÇÃO
Instituição da catalogação original BR-BrBNA
Idioma da catalogação por
Instituição que transcreveu o registro Biblioteca Nacional de Agricultura
041 ## - CÓDIGO DE IDIOMA
Código do idioma do texto/trilha sonora ou título diferente (Pt)
072 ## - CÓDIGO DE CATEGORIA DE ASSUNTO
Código de Categoria de Assunto Q04; Q01
100 1# - ENTRADA PRINCIPAL--NOME PESSOAL
Nome pessoal Silva, L.R. da
100 1# - ENTRADA PRINCIPAL--NOME PESSOAL
Nome pessoal Figueiredo, A.R. de
100 1# - ENTRADA PRINCIPAL--NOME PESSOAL
Nome pessoal Marques, J.M.
100 1# - ENTRADA PRINCIPAL--NOME PESSOAL
Nome pessoal Morgado, C.M.A.
100 1# - ENTRADA PRINCIPAL--NOME PESSOAL
Nome pessoal Oliveira, M.M.T. de
100 1# - ENTRADA PRINCIPAL--NOME PESSOAL
Nome pessoal Farias, T.R.B.
100 1# - ENTRADA PRINCIPAL--NOME PESSOAL
Nome pessoal Freitas, R. de A.
245 1# - TÍTULO
Título Potencial de utilização dos óleos fixos de tucumãs
650 ## - ASSUNTO--TERMO TÓPICO
Cabeçalho tópico ou nome geográfico TUCUM
650 ## - ASSUNTO--TERMO TÓPICO
Cabeçalho tópico ou nome geográfico ARECACEAE
650 ## - ASSUNTO--TERMO TÓPICO
Cabeçalho tópico ou nome geográfico QUALIDADE
650 ## - ASSUNTO--TERMO TÓPICO
Cabeçalho tópico ou nome geográfico CROMATOGRAFIA GASOSA
773 0# - ENTRADA ANALÍTICA
Título Nativa. Pesquisas Agrárias e Ambientais (Brazil)
ISSN - International Standard Serial Number ISSN 2318-7670
Partes relacionadas (2022), v. 10(1) p. 109-116
Número de controle do registro BR2022000547
856 40 - LOCALIZAÇÃO ELETRÔNICA E ACESSO
Uniform Resource Identifier <a href="https://periodicoscientificos.ufmt.br/ojs/index.php/nativa/article/view/13368/10593">https://periodicoscientificos.ufmt.br/ojs/index.php/nativa/article/view/13368/10593</a>
909 ## -
-- 202311
-- Lúcia
-- 55
-- Lúcia Elande
942 ## - ELEMENTOS DE ENTRADA ADICIONADOS (KOHA)
Fonte da classificação ou esquema de arquivamento na estante Classificação AGRIS
Ocultar no OPAC Não
Tipo de material Koha Analítica
Exemplares
Situação do descarte Fonte da classificação ou esquema de arquivamento na estante Situação física Não pode ser emprestado Biblioteca de origem Biblioteca atual Localização na estante Enumeração do periódico / cronologia Total de empréstimos Data de último acesso Número do exemplar Tipo de material Koha Fonte de aquisição
  Classificação AGRIS   Consulta local Biblioteca Nacional de Agricultura - Binagri Biblioteca Nacional de Agricultura - Binagri   (2022), v. 10(1) p. 109-116   29/11/2023 01 Periódicos Portaria Interministerial nº 164/94

BINAGRI

Telefone: (61)3218-2567/2388/3357/2097 - binagri@agro.gov.br

Ministério da Agricultura e Pecuária , Esplanada dos Ministérios, Bloco D, Anexo B, Brasília/DF, CEP: 70.043-900